| 000 | | | 03779nmc2a22002413x 450 |
| 001 | | | 8de00568-95e9-4b4f-8bb3-0a86cc6033ff |
| 005 | | | 20210428133734.0 |
| 100 | ## | $a | 20210125l18971897k l0rusy0189 ca |
| 101 | 0# | $a | rus |
| 102 | ## | $a | RU |
| 105 | ## | $a | y### |
| 122 | 2# | $a | d |
| 200 | 1# | $a | Прошения по ходатайству крестьян деревни Михалкино Старорусского уезда Новгородской губернии и переписка об осушении их угодий и земель |
| | $j | 8 февраля - 2 мая 1897 г. |
| 215 | ## | $a | 14 л. |
| | $d | 36,5х26 см |
| 251 | ## | $c | Дело |
| 300 | ## | $a | Дело |
| 371 | ## | $a | Документ не является опубликованным и широко распространяемым |
| 461 | #0 | $1 | 00195b78110-e6bc-459a-9283-df3f68fdf83b |
| | $1 | 2001 |
| | $a | Дело о школьной сети Вологодского уезда Вологодской губернии Петербургского учебного округа. Составлена в 1908 году. Сведения приурочены к 1906 году |
| | $1 | 251 |
| | $c | Дело |
| | $1 | 852 |
| | $j | 1 |
| 462 | #0 | $1 | 0013a02340e-e572-4ee5-9169-9b29c64f7ce0 |
| | $1 | 2001 |
| | $a | Отдел земельных улучшений Министерства земледелия |
| | $1 | 251 |
| | $c | Опись |
| | $1 | 852 |
| | $j | 2 |
| 801 | #0 | $a | RU |
| | $b | РГИА |
| | $c | 20210125 |
| | $g | RCR |
| 801 | #1 | $a | RU |
| | $b | ГлавНИВЦ |
| | $c | 20210125 |
| | $2 | rusmarc |
| 801 | #2 | $a | RU |
| | $b | ПБ им. Б.Н. Ельцина |
| | $c | 20210428 |
| | $g | RCR |
| | $2 | rusmarc |
| 850 | ## | $a | РГИА |
| 852 | ## | $a | РГИА |
| | $e | Федеральное казенное учреждение "Российский государственный исторический архив" (РГИА) |
| | $j | 117 |
| 937 | ## | $h | РГИА |
| | $d | 12358946 |
| | $a | ASBIBLIO_SCAN |
| 035 | ## | $a | RusGRCC00019759 |
| 856 | ## | $u | http://readingroom.main.prlib.ru/item.aspx?id_node=n163770889&mode=full |